C*- algebra extensions of C(X)
Αποθηκεύτηκε σε:
| Κύριος συγγραφέας: | |
|---|---|
| Μορφή: | Βιβλίο |
| Γλώσσα: | English |
| Δημοσίευση: |
Providence, Rhode island :
American Mathematical Society,
c1995
|
| Σειρά: | Memoirs of the American Mathematical Society ;
; 550 |
| Θέματα: | |
| Ετικέτες: |
Προσθήκη ετικέτας
Δεν υπάρχουν, Καταχωρήστε ετικέτα πρώτοι!
|
MARC
| LEADER | 00000nam a2200000 i 4500 | ||
|---|---|---|---|
| 001 | 1/4045 | ||
| 008 | 000524s1995 eng d | ||
| 020 | |a 0821826115 | ||
| 035 | |l 10061016 | ||
| 040 | |a GR-MY-UA |b gre |e aacr | ||
| 041 | 0 | |a eng | |
| 082 | 0 | |a 512.55 | |
| 100 | 1 | |a Lin, Huaxin |d 1956- | |
| 245 | 1 | 0 | |a C*- algebra extensions of C(X) / |c Huaxin Lin |
| 260 | |a Providence, Rhode island : |b American Mathematical Society, |c c1995 | ||
| 300 | |a vi, 89 p.; |c 26 cm. | ||
| 490 | 1 | |a Memoirs of the American Mathematical Society |v ; 550 | |
| 500 | |a May 1995, volume 115, number 550(second of 5 numbers) | ||
| 504 | |a Includes bibliographical references | ||
| 650 | 0 | 0 | |a K-theory. |
| 650 | 0 | 0 | |a C*-algebras. |
| 830 | 0 | |a Memoirs of the American Mathematical Society ; |v ; 550 | |
| 852 | |a INST |b SAMOS |e 20000524 |h 512.55 LIN |p 005300017189 |q 005300017189 |t BK |y 0 | ||
| 901 | |a BIBL3-2000-2 | ||
| 909 | |a Σ |b 067919 | ||
| 922 | |a 3ΕΛΗ |b 199911 |c ΕΠΕΑΕΚ/ΜΑΘ |d ΠΑΠΑΣΩΤΗΡΙΟΥ | ||
| 970 | |a ΓΕΝΟΥΖΟΥ |b ΧΡΥΣΑΝΘΗ |z 2000/05/24 | ||